| 000 | 00000nam##2200000za#4500 |
| 001 | 9.661582 |
| 003 | CaOODSP |
| 005 | 20200330091244 |
| 007 | ta |
| 008 | 150407|2000||||xxc||||| f|0| 0 fre|d |
| 020 | |a0-662-64714-9 |
| 040 | |aCaOODSP|bfre |
| 041 | |aeng |
| 041 | |afre |
| 043 | |an-cn--- |
| 086 | 1 |aR62-323/2000-1 |
| 110 | 1 |aCanada.|bPatrimoine canadien. |bParcs Canada. |
| 245 | 10|aIntacts pour les générations futures? : |bProtection de l'intégrité écologique par les parcs nationaux du Canada. Volume 1: le temps d'agir / |cPublié par la Commission sur l'intégrité écologique des parcs nationaux du Canada. |
| 260 | |aOttawa - Ontario : |bPatrimoine canadien. |c2000. |
| 300 | |aTexte français, vi, 21p. : |bill. en couleur ; |c28 cm. |
| 546 | |aBilingue |
| 563 | |aCouverture souple |
| 590 | |a00-20|b2000-05-19 |
| 776 | 0#|tIntacts pour les générations futures? Volume I, Le temps d'agir : |w(CaOODSP)9.630366 |
| 776 | 0#|tUnimpaired for future generations? : |w(CaOODSP)9.661889 |
| 776 | 0#|tUnimpaired for future generations? Volume I, A call to action : |w(CaOODSP)9.685777 |
| 791 | |tUnimpaired for future generations? : |eeng|w(CaOODSP)9.661581 |